<?xml version="1.0" encoding="UTF-8"?>
<record
    xmlns:xsi="http://www.w3.org/2001/XMLSchema-instance"
    xsi:schemaLocation="http://www.loc.gov/MARC21/slim http://www.loc.gov/standards/marcxml/schema/MARC21slim.xsd"
    xmlns="http://www.loc.gov/MARC21/slim">

  <leader>01125nam a22002177a 4500</leader>
  <controlfield tag="003">BPGM</controlfield>
  <controlfield tag="008">260617s        mx dj|||r|||| 001 ||SPA||</controlfield>
  <datafield tag="040" ind1=" " ind2=" ">
    <subfield code="b">spa</subfield>
  </datafield>
  <datafield tag="041" ind1=" " ind2=" ">
    <subfield code="a">SPA</subfield>
    <subfield code="h">SPA</subfield>
  </datafield>
  <datafield tag="082" ind1="0" ind2="4">
    <subfield code="2">PRIMERA EDICI&#xD3;N</subfield>
    <subfield code="a">150 / R87</subfield>
    <subfield code="b">R87</subfield>
  </datafield>
  <datafield tag="100" ind1=" " ind2=" ">
    <subfield code="a">RUSEK, EWA</subfield>
  </datafield>
  <datafield tag="245" ind1=" " ind2=" ">
    <subfield code="a">BUENOS CONSEJOS</subfield>
  </datafield>
  <datafield tag="260" ind1=" " ind2=" ">
    <subfield code="a">QUER&#xC9;TARO, M&#xC9;XICO</subfield>
    <subfield code="b">UNIVERSIDAD AUT&#xD3;NOMA DE QUER&#xC9;TARO</subfield>
    <subfield code="c">ABRIL 2002</subfield>
  </datafield>
  <datafield tag="300" ind1=" " ind2=" ">
    <subfield code="a">173 P&#xC1;GINAS;</subfield>
    <subfield code="c">21 CM X 13.8 CM</subfield>
  </datafield>
  <datafield tag="336" ind1=" " ind2=" ">
    <subfield code="2">rdacontent</subfield>
    <subfield code="a">texto</subfield>
    <subfield code="b">txt</subfield>
  </datafield>
  <datafield tag="337" ind1=" " ind2=" ">
    <subfield code="2">rdamedia</subfield>
    <subfield code="a">sin mediaci&#xF3;n</subfield>
    <subfield code="b">n</subfield>
  </datafield>
  <datafield tag="338" ind1=" " ind2=" ">
    <subfield code="2">rdacarrier</subfield>
    <subfield code="a">volumen </subfield>
    <subfield code="b">nc</subfield>
  </datafield>
  <datafield tag="505" ind1=" " ind2=" ">
    <subfield code="a">EL PRESENTE LIBRO PUEDE VERSE COMO UN CONJUNTO DE PROCESOS PR&#xC1;CTICOS PARA LOS ESTUDIANTES RESPECTO A C&#xD3;MO LEVAR A CABO INVESTIGACI&#xD3;N EN EL CAMPO DEL COMPROTAMIENTO HUMANO. EL LIBRO SIGUE EL ORDEN L&#xD3;GICO  DE CUALQUIER INVESTIGACI&#xD3;N, EMPEZANDO CON LA ELECCI&#xD3;N DEL TEMA Y TERMINANDO CON LA REDACCI&#xD3;N DEL INFORME. SE HACE INCAPI&#xC9; EN ALGUNOS TEMAS, COMO SON EL DISE&#xD1;O DEL PROCEDIMIENTO DE INVESTIGACI&#xD3;N Y EL AN&#xC1;LISIS DE LOS DATOS, MIENTRAS QUE OTROS ASUNTOS EST&#xC1;N TRATADOS DE MANERA M&#xC1;S ESCUETA.</subfield>
  </datafield>
  <datafield tag="650" ind1=" " ind2=" ">
    <subfield code="a">PSICOLOG&#xCD;A</subfield>
    <subfield code="v">150</subfield>
    <subfield code="x">100</subfield>
    <subfield code="y">50</subfield>
    <subfield code="z">0</subfield>
  </datafield>
  <datafield tag="942" ind1=" " ind2=" ">
    <subfield code="2">ddc</subfield>
    <subfield code="c">COLQ</subfield>
  </datafield>
  <datafield tag="952" ind1=" " ind2=" ">
    <subfield code="0">0</subfield>
    <subfield code="1">0</subfield>
    <subfield code="2">ddc</subfield>
    <subfield code="4">0</subfield>
    <subfield code="7">2</subfield>
    <subfield code="8">GENERAL</subfield>
    <subfield code="a">BPCEFC</subfield>
    <subfield code="b">BPCEFC</subfield>
    <subfield code="c">ACCESO "A" PLANTA ALTA</subfield>
    <subfield code="d">2026-06-17</subfield>
    <subfield code="e">DONACI&#xD3;N </subfield>
    <subfield code="f">ACCESO "A"</subfield>
    <subfield code="i">EJ. 1</subfield>
    <subfield code="l">0</subfield>
    <subfield code="o">150 / R87</subfield>
    <subfield code="r">2026-06-17 17:07:13</subfield>
    <subfield code="t">EJ. 1</subfield>
    <subfield code="w">2026-06-17</subfield>
    <subfield code="y">COLQ</subfield>
  </datafield>
  <datafield tag="952" ind1=" " ind2=" ">
    <subfield code="0">0</subfield>
    <subfield code="1">0</subfield>
    <subfield code="2">ddc</subfield>
    <subfield code="4">0</subfield>
    <subfield code="7">0</subfield>
    <subfield code="8">GENERAL</subfield>
    <subfield code="a">BPCEFC</subfield>
    <subfield code="b">BPCEFC</subfield>
    <subfield code="c">ACCESO "A" PLANTA ALTA</subfield>
    <subfield code="d">2026-06-17</subfield>
    <subfield code="e">DONACI&#xD3;N </subfield>
    <subfield code="f">ACCESO "A"</subfield>
    <subfield code="i">EJ. 2</subfield>
    <subfield code="l">0</subfield>
    <subfield code="o">150 / R87</subfield>
    <subfield code="r">2026-06-17 17:07:13</subfield>
    <subfield code="t">EJ. 2</subfield>
    <subfield code="w">2026-06-17</subfield>
    <subfield code="y">COLQ</subfield>
  </datafield>
  <datafield tag="999" ind1=" " ind2=" ">
    <subfield code="c">68615</subfield>
    <subfield code="d">68615</subfield>
  </datafield>
</record>
